000 00745nam a2200289Ia 4500
005 20260324112426.0
008 008 260324s9999 xx 000 0 eng d
020 _a9781003404842
037 _aEBOOK
040 _aCRL
040 _beng
040 _cCRL
041 _2eng
041 _aeng
084 _qCRL
100 _aBronwyn Nichols Lodato
_91142642
245 0 _aCOVID-19, the Great Recession and Young Adult Identity Development
245 0 _bShock-Sensitive Dynamic Ecological Systems Theory
260 _bTaylor and Francis
260 _c2024
365 _a
365 _b82.99
856 _uhttp://www.taylorfrancis.com/books/9781003404842
942 _cEBOOK
999 _c1731841
_d1731841